000 00764nam a22001817a 4500
999 _c371856
_d371856
008 201127b ||||| |||| 00| 0 eng d
040 _aDE-2950
_bger
_cDE-2950
_erda
041 _ager
245 _aElstar, Gala, Shampion - die Apfelernte ist gestartet.
_bObstbau. Dieser Tage wird auch in Markendorf kräftig angepackt. Raik Neumann von der Markendorf Obst eG gibt Auskunft über Preise, Sorten und Erträge/
_cChristina Tilmann
264 _c2022
653 _aFrankfurt (Oder)
653 _aApfelernte
773 _dFrankfurt (Oder) Märkisches Verlags- und Druckhaus GmbH & Co KG
_tMärkische Oderzeitung
_g33. Jahrgang (2022) Nr. 211 vom 09.09.2022, S. 13 mit Bild
942 _cA